| 000 | 00672nam a22001935i 4500 | ||
|---|---|---|---|
| 001 | 152276 | ||
| 003 | ES-MaACL | ||
| 005 | 20230906204622.0 | ||
| 008 | 051014s1877 it | |||||||| ||ita d | ||
| 040 |
_aCAM _bspa _cCAM |
||
| 100 | 1 |
_aBoccacci, Giovanni. _9126029 |
|
| 245 | 1 | 3 |
_aIl Decameron / _cdi Giovanni Boccacci; riscontrato co'migliori testi e con note di P. Fanfani, E. Camerini ed altri. |
| 250 | _a2ยช ed. stereotipa. | ||
| 260 |
_aMilano : _bEdoardo Sonzogno, _c1877. |
||
| 300 |
_a2 v. (340; 383 p.) ; _c17 cm. |
||
| 700 | 0 |
_aFanfani, Pietro. _948792 |
|
| 700 | 0 |
_aCamerini, Eugenio. _934055 |
|
| 852 |
_aES-MaACL _jG-10418 _z-- Enc. hol. _z-- 2 t. en 1 v. |
||
| 999 |
_c152276 _d152276 |
||